Central Library OPAC University of Rajshahi

Probability via expectation / (Record no. 69652)

MARC details
000 -LEADER
fixed length control field 00927nam a2200325 a 4500
001 - CONTROL NUMBER
control field 69652
003 - CONTROL NUMBER IDENTIFIER
rucl marc code BD-RjUL
005 - DATE AND TIME OF LATEST TRANSACTION
control field 20211209081918.0
008 - FIXED-LENGTH DATA ELEMENTS--GENERAL INFORMATION
fixed length control field 170412s1992 nyua|||| b||| 001 0 eng d
020 ## - INTERNATIONAL STANDARD BOOK NUMBER
International Standard Book Number 0387977643
International Standard Book Number 3540977643
International Standard Book Number 0387977589
International Standard Book Number 3540977589
035 ## - SYSTEM CONTROL NUMBER
System control number (BD-RjUL)69864
040 ## - CATALOGING SOURCE
Original cataloging agency BD-RjUL
Language of cataloging eng
Transcribing agency BD-RjUL
041 ## - LANGUAGE CODE
Language code of text/sound track or separate title eng
082 ## - DEWEY DECIMAL CLASSIFICATION NUMBER
Edition number 23
Classification number 519.2
Author mark and year WHP 1992
100 ## - MAIN ENTRY--PERSONAL NAME
Personal name Whittle, Peter.
9 (RLIN) 154307
245 ## - TITLE STATEMENT
Title Probability via expectation /
Statement of responsibility, etc. Peter Whittle.
250 ## - EDITION STATEMENT
Edition statement 3rd ed.
260 ## - PUBLICATION, DISTRIBUTION, ETC. (IMPRINT)
Place of publication, distribution, etc. New York :
Name of publisher, distributor, etc. Springer New York,
Date of publication, distribution, etc. c1992.
300 ## - PHYSICAL DESCRIPTION
Pagination xviii, 300 p. :
Illustrations ill. ;
Size 25 cm.
490 ## - SERIES STATEMENT
Series statement Springer texts in statistics.
504 ## - BIBLIOGRAPHY, ETC. NOTE
Bibliography, etc Includes bibliographies and indexes.
650 ## - SUBJECT ADDED ENTRY--TOPICAL TERM
Topical term or geographic name as entry element Probabilities.
9 (RLIN) 206306
Topical term or geographic name as entry element Statistics.
9 (RLIN) 206307
Topical term or geographic name as entry element Mathematics.
9 (RLIN) 206308
830 ## - SERIES ADDED ENTRY--UNIFORM TITLE
Uniform title Springer texts in statistics.
942 ## - ADDED ENTRY ELEMENTS (KOHA)
Source of classification or shelving scheme Dewey Decimal Classification
Koha item type Books
Holdings
Lost status Source of classification or shelving scheme Damaged status Not for loan Collection code Permanent Location Current Location Shelving location Date acquired Source of acquisition Cost, normal purchase price Total Checkouts Full call number Date last seen Copy number Koha item type
  Dewey Decimal Classification   Not For Loan Non-fiction Central Library, University of Rajshahi Central Library, University of Rajshahi Reading Room 30/06/1997 Ahsanian Mission, Dhaka 168.00   519.2 WHP 1992 12/04/2017 C-1 Books